[Event "DVM U20 2021"]
[Site "Kiel GER"]
[Date "2022.07.23"]
[Round "1"]
[White "Vuckovic, Zarko"]
[Black "Engel, Luis"]
[Result "1-0"]
[Termination "normal"]
[Board "1.1"]
[BlackTitle "GM"]
[WhiteElo "2281"]
[BlackElo "2558"]
[WhiteClock "00:45:46"]
[BlackClock "00:20:41"]
[WhiteTeam "Schachfreunde Augsburg"]
[BlackTeam "Hamburger SK von 1830 eV"]
[PlyCount "67"]
[WhiteFideId "12952087"]
[BlackFideId "12961523"]
[EventCountry "GER"]
[EventRounds "7"]
[EventType "team-swiss"]
[EventDate "2022.07.22"]

1. e4 {[%clk 01:30:58]} c5 {[%clk 01:30:56]} {[%emt 00:00:05]} 2. Nc3 {[%clk
01:31:24]} {[%emt 00:00:04]} Nc6 {[%clk 01:31:22]} {[%emt 00:00:05]} 3. Nge2
{[%clk 01:31:50]} {[%emt 00:00:04]} d6 {[%clk 01:31:45]} {[%emt 00:00:07]} 4.
d4 {[%clk 01:32:16]} {[%emt 00:00:03]} cxd4 {[%clk 01:32:10]} {[%emt 00:00:05]}
5. Nxd4 {[%clk 01:32:42]} {[%emt 00:00:04]} Nf6 {[%clk 01:32:35]} {[%emt
00:00:05]} 6. Bg5 {[%clk 01:33:08]} {[%emt 00:00:04]} e6 {[%clk 01:32:58]}
{[%emt 00:00:07]} 7. Qd2 {[%clk 01:33:35]} {[%emt 00:00:03]} a6 {[%clk
01:33:21]} {[%emt 00:00:07]} 8. O-O-O {[%clk 01:33:56]} {[%emt 00:00:09]} Bd7
{[%clk 01:33:45]} {[%emt 00:00:06]} 9. f4 {[%clk 01:34:22]} {[%emt 00:00:04]}
h6 {[%clk 01:33:12]} {[%emt 00:01:03]} 10. Bh4 {[%clk 01:34:46]} {[%emt
00:00:06]} b5 {[%clk 01:33:38]} {[%emt 00:00:05]} 11. Bxf6 {[%clk 01:35:05]}
{[%emt 00:00:11]} gxf6 {[%clk 01:34:02]} {[%emt 00:00:06]} 12. Nxc6 {[%clk
01:35:21]} {[%emt 00:00:13]} Bxc6 {[%clk 01:34:25]} {[%emt 00:00:06]} 13. Qe3
{[%clk 01:35:49]} {[%emt 00:00:03]} Be7 {[%emt 00:11:01]} 14. Bd3 {[%clk
01:28:42]} {[%emt 00:03:28]} Qa5 {[%clk 01:15:42]} {[%emt 00:12:51]} 15. Rhe1
{[%emt 00:12:16]} O-O-O {[%clk 01:03:24]} {[%emt 00:06:53]} 16. Kb1 {[%clk
01:14:04]} {[%emt 00:09:17]} h5 {[%clk 00:54:35]} {[%emt 00:09:19]} 17. f5
{[%clk 01:07:10]} {[%emt 00:07:23]} Kb7 {[%clk 00:47:15]} {[%emt 00:07:50]} 18.
Qh3 {[%emt 00:17:19]} Bd7 {[%clk 00:40:47]} {[%emt 00:00:42]} 19. Ne2 {[%emt
00:11:50]} d5 {[%clk 00:25:34]} {[%emt 00:05:55]} 20. exd5 {[%clk 00:54:02]}
{[%emt 00:01:34]} exd5 {[%clk 00:26:00]} {[%emt 00:00:05]} 21. Nf4 {[%emt
00:04:03]} Bd6 {[%clk 00:23:33]} {[%emt 00:01:11]} 22. Nxd5 {[%clk 00:50:22]}
{[%emt 00:02:22]} Be5 {[%emt 00:00:48]} 23. Rxe5 {[%clk 00:42:20]} {[%emt
00:07:52]} fxe5 {[%clk 00:24:19]} {[%emt 00:00:06]} 24. b4 {[%clk 00:42:45]}
{[%emt 00:00:04]} Qa3 {[%clk 00:20:52]} {[%emt 00:03:57]} 25. Qe3 {[%clk
00:43:01]} {[%emt 00:00:15]} Rc8 {[%clk 00:17:38]} {[%emt 00:03:44]} 26. Qb6+
{[%clk 00:43:00]} {[%emt 00:00:31]} Ka8 {[%clk 00:18:04]} {[%emt 00:00:04]} 27.
Be4 {[%clk 00:43:10]} {[%emt 00:00:20]} Bc6 {[%clk 00:18:18]} {[%emt 00:00:16]}
28. Nc7+ {[%clk 00:43:34]} {[%emt 00:00:05]} Rxc7 {[%clk 00:18:44]} {[%emt
00:00:04]} 29. Bxc6+ {[%clk 00:43:59]} {[%emt 00:00:06]} Rxc6 {[%clk 00:19:11]}
{[%emt 00:00:03]} 30. Qxc6+ {[%clk 00:44:19]} {[%emt 00:00:09]} Kb8 {[%clk
00:19:36]} {[%emt 00:00:05]} 31. Qd6+ {[%clk 00:44:32]} {[%emt 00:00:17]} Ka8
{[%clk 00:20:01]} {[%emt 00:00:05]} 32. Qd5+ {[%clk 00:44:56]} {[%emt
00:00:06]} Ka7 {[%clk 00:20:15]} {[%emt 00:00:16]} 33. Qc5+ {[%clk 00:45:22]}
{[%emt 00:00:05]} Ka8 {[%clk 00:20:41]} {[%emt 00:00:04]} 34. Rd7 {[%clk
00:45:46]} {[%emt 00:00:06]} 1-0

[Event "DVM U20 2021"]
[Site "Kiel GER"]
[Date "2022.07.23"]
[Round "1"]
[White "Woelk, Tom-Frederic"]
[Black "Weller, Uli"]
[Result "1-0"]
[Termination "normal"]
[Board "1.2"]
[WhiteTitle "FM"]
[WhiteElo "2314"]
[BlackElo "2195"]
[WhiteClock "00:00:35"]
[BlackClock "00:14:24"]
[WhiteTeam "Hamburger SK von 1830 eV"]
[BlackTeam "Schachfreunde Augsburg"]
[PlyCount "117"]
[WhiteFideId "12993077"]
[BlackFideId "12971782"]
[EventCountry "GER"]
[EventRounds "7"]
[EventType "team-swiss"]
[EventDate "2022.07.22"]

1. e4 {[%clk 01:30:35]} {[%emt 00:00:08]} c5 {[%clk 01:30:29]} 2. Nf3 {[%clk
01:30:53]} Nc6 {[%clk 01:30:31]} 3. d4 {[%clk 01:31:14]} cxd4 {[%clk 01:30:57]}
4. Nxd4 {[%clk 01:31:18]} g6 {[%clk 01:31:16]} 5. Nc3 {[%clk 01:31:08]} Bg7
{[%clk 01:31:42]} 6. Be3 {[%clk 01:31:20]} Nf6 {[%clk 01:32:09]} 7. Bc4 {[%clk
01:31:00]} O-O {[%clk 01:32:23]} 8. Bb3 {[%clk 01:29:48]} d6 {[%clk 01:31:53]}
9. f3 {[%clk 01:26:49]} Bd7 {[%clk 01:31:39]} 10. Qd2 {[%clk 01:15:37]} {[%emt
00:19:11]} a5 {[%clk 01:21:20]} 11. a4 {[%clk 01:11:13]} {[%emt 00:18:27]} Rc8
{[%clk 01:16:52]} {[%emt 00:05:03]} 12. O-O {[%clk 01:04:09]} Ne5 {[%clk
01:10:02]} 13. Qe2 {[%clk 00:27:34]} Rxc3 {[%clk 01:10:06]} 14. bxc3 {[%clk
00:27:55]} Qc7 {[%clk 01:07:55]} {[%emt 00:55:47]} 15. c4 {[%clk 00:25:12]}
{[%emt 00:02:20]} Rc8 {[%clk 00:57:08]} {[%emt 00:12:29]} 16. Nb5 {[%clk
00:22:10]} Bxb5 {[%clk 00:57:25]} 17. cxb5 {[%clk 00:21:37]} Nfd7 {[%clk
00:55:03]} 18. Rad1 {[%clk 00:19:22]} Nc4 {[%clk 00:42:58]} {[%emt 00:15:57]}
19. Bd4 {[%clk 00:08:35]} Nb2 {[%clk 00:39:24]} 20. Bxb2 {[%clk 00:08:49]} Bxb2
{[%clk 00:39:49]} 21. f4 {[%clk 00:07:51]} Nc5 {[%clk 00:36:00]} {[%emt
00:25:40]} 22. Qc4 {[%clk 00:07:54]} Nxb3 {[%clk 00:36:24]} 23. Qxc7 {[%clk
00:08:13]} Rxc7 {[%clk 00:36:48]} 24. cxb3 {[%clk 00:06:07]} {[%emt 00:04:33]}
Kg7 {[%clk 00:23:48]} 25. Rd5 {[%clk 00:04:41]} Ba3 {[%clk 00:20:31]} {[%emt
00:19:22]} 26. Rfd1 {[%clk 00:03:59]} Rc3 {[%clk 00:20:40]} 27. R5d3 {[%clk
00:02:25]} Bc5+ {[%clk 00:13:43]} {[%emt 00:13:00]} 28. Kf1 {[%clk 00:02:48]}
Rc2 {[%clk 00:12:51]} 29. R1d2 {[%clk 00:03:12]} Rc1+ {[%clk 00:08:20]} 30. Rd1
{[%clk 00:03:33]} Rc2 {[%clk 00:07:56]} 31. Rf3 {[%clk 00:02:58]} Kf6 {[%clk
00:07:53]} 32. Re1 {[%clk 00:02:22]} b6 {[%clk 00:06:25]} 33. h4 {[%clk
00:02:33]} h5 {[%clk 00:06:47]} 34. g3 {[%clk 00:01:16]} {[%emt 00:14:06]} Rb2
{[%clk 00:06:48]} 35. Re2 {[%clk 00:01:41]} Rb1+ {[%clk 00:07:12]} 36. Kg2
{[%clk 00:01:39]} Rg1+ {[%clk 00:07:35]} 37. Kh2 {[%clk 00:01:30]} Rd1 {[%clk
00:05:51]} 38. f5 {[%clk 00:00:48]} g5 {[%clk 00:04:34]} 39. e5+ {[%clk
00:01:11]} dxe5 {[%clk 00:05:00]} 40. hxg5+ {[%clk 00:01:32]} Kxg5 {[%clk
00:05:22]} 41. Rxe5 {[%clk 00:24:26]} Rd2+ {[%clk 00:28:37]} 42. Kh3 {[%clk
00:23:18]} Bg1 {[%clk 00:27:53]} 43. f6+ {[%clk 00:23:38]} Kg6 {[%clk
00:27:27]} 44. g4 {[%clk 00:23:39]} Rh2+ {[%clk 00:27:53]} 45. Kg3 {[%clk
00:23:56]} h4+ {[%clk 00:28:13]} 46. Kf4 {[%clk 00:23:43]} exf6 {[%clk
00:22:57]} {[%emt 00:31:56]} 47. Rd5 {[%clk 00:16:23]} Re2 {[%clk 00:19:03]}
48. g5 {[%clk 00:06:20]} Rg2 {[%clk 00:18:00]} 49. gxf6 {[%clk 00:04:30]} Bh2+
{[%clk 00:16:51]} 50. Ke3 {[%clk 00:04:39]} Bg3 {[%clk 00:15:57]} 51. Rd8
{[%clk 00:01:46]} Kh7 {[%clk 00:15:05]} 52. Rf8 {[%clk 00:01:13]} Kg6 {[%clk
00:15:29]} 53. Rg8+ {[%clk 00:01:36]} Kh6 {[%clk 00:15:41]} 54. Rg7 {[%clk
00:01:38]} Rg1 {[%clk 00:14:00]} 55. Rxf7 {[%clk 00:01:42]} h3 {[%clk
00:14:18]} 56. Rf8 {[%clk 00:00:44]} h2 {[%clk 00:13:45]} 57. Rh8+ {[%clk
00:00:48]} Kg6 {[%clk 00:14:00]} 58. f7 {[%clk 00:00:35]} Bd6 {[%clk 00:14:24]}
59. Rg8+ 1-0

[Event "DVM U20 2021"]
[Site "Kiel GER"]
[Date "2022.07.23"]
[Round "1"]
[White "McPherson, Elisha"]
[Black "Holinka, Henning"]
[Result "0-1"]
[Termination "normal"]
[Board "1.3"]
[WhiteElo "2006"]
[BlackElo "2251"]
[WhiteClock "00:01:46"]
[BlackClock "00:02:53"]
[WhiteTeam "Schachfreunde Augsburg"]
[BlackTeam "Hamburger SK von 1830 eV"]
[PlyCount "70"]
[WhiteFideId "16255852"]
[BlackFideId "12967084"]
[EventCountry "GER"]
[EventRounds "7"]
[EventType "team-swiss"]
[EventDate "2022.07.22"]

1. d4 {[%clk 01:28:07]} {[%emt 00:02:53]} d6 {[%clk 01:28:36]} {[%emt
00:02:24]} 2. e4 {[%clk 01:27:43]} {[%emt 00:00:54]} g6 {[%clk 01:24:41]}
{[%emt 00:04:25]} 3. Nc3 {[%clk 01:26:46]} {[%emt 00:01:26]} Bg7 {[%clk
01:25:05]} {[%emt 00:00:07]} 4. Be3 {[%clk 01:26:24]} {[%emt 00:00:52]} a6
{[%clk 01:25:28]} {[%emt 00:00:07]} 5. Qd2 {[%clk 01:26:20]} {[%emt 00:00:34]}
b5 {[%clk 01:25:50]} {[%emt 00:00:08]} 6. a3 {[%clk 01:26:13]} {[%emt
00:00:38]} Bb7 {[%clk 01:26:13]} {[%emt 00:00:07]} 7. Nge2 {[%clk 01:26:01]}
{[%emt 00:00:41]} Nd7 {[%clk 01:26:35]} {[%emt 00:00:08]} 8. f3 {[%clk
01:25:37]} {[%emt 00:00:55]} Rc8 {[%clk 01:26:50]} {[%emt 00:00:14]} 9. g4
{[%clk 01:24:55]} {[%emt 00:01:12]} h6 {[%clk 01:22:13]} {[%emt 00:05:08]} 10.
Nd1 {[%clk 01:06:07]} {[%emt 00:19:17]} c5 {[%clk 01:22:23]} {[%emt 00:00:19]}
11. c3 {[%clk 01:05:22]} {[%emt 00:01:16]} cxd4 {[%clk 01:20:05]} {[%emt
00:02:49]} 12. cxd4 {[%clk 01:05:43]} {[%emt 00:00:09]} e5 {[%clk 01:19:16]}
{[%emt 00:01:19]} 13. d5 {[%clk 00:51:43]} {[%emt 00:14:30]} f5 {[%clk
01:17:21]} {[%emt 00:02:25]} 14. gxf5 {[%clk 00:46:10]} {[%emt 00:06:03]} gxf5
{[%clk 01:13:18]} {[%emt 00:04:32]} 15. Ng3 {[%clk 00:07:47]} {[%emt 00:38:53]}
f4 {[%clk 01:03:32]} {[%emt 00:10:16]} 16. Nf5 {[%clk 00:08:11]} {[%emt
00:00:06]} fxe3 {[%clk 01:03:29]} {[%emt 00:00:33]} 17. Qg2 {[%clk 00:07:23]}
{[%emt 00:01:18]} Bf6 {[%clk 00:56:33]} {[%emt 00:07:26]} 18. Nxd6+ {[%clk
00:07:51]} {[%emt 00:00:02]} Kf8 {[%clk 00:53:18]} {[%emt 00:03:44]} 19. Nxc8
{[%clk 00:06:58]} {[%emt 00:01:24]} Bh4+ {[%clk 00:51:48]} {[%emt 00:02:00]}
20. Ke2 {[%clk 00:07:26]} {[%emt 00:00:02]} Qxc8 {[%clk 00:51:40]} {[%emt
00:00:38]} 21. Nxe3 {[%clk 00:07:19]} {[%emt 00:00:37]} Ngf6 {[%clk 00:51:06]}
{[%emt 00:01:04]} 22. Kd1 {[%clk 00:04:00]} {[%emt 00:03:49]} Bg5 {[%clk
00:44:50]} {[%emt 00:06:46]} 23. Rc1 {[%clk 00:02:49]} {[%emt 00:01:41]} Qd8
{[%clk 00:42:26]} {[%emt 00:02:54]} 24. Rc3 {[%clk 00:03:12]} {[%emt 00:00:07]}
Qb6 {[%clk 00:35:23]} {[%emt 00:07:32]} 25. Nf5 {[%clk 00:03:16]} {[%emt
00:00:27]} Rg8 {[%clk 00:33:46]} {[%emt 00:02:07]} 26. Qg1 {[%clk 00:03:32]}
{[%emt 00:00:14]} Qa5 {[%clk 00:19:00]} {[%emt 00:15:16]} 27. Qa7 {[%clk
00:01:59]} {[%emt 00:02:02]} Qa4+ {[%clk 00:15:32]} {[%emt 00:03:59]} 28. Ke2
{[%clk 00:01:03]} {[%emt 00:01:27]} Nxe4 {[%clk 00:07:10]} {[%emt 00:08:51]}
29. fxe4 {[%clk 00:01:15]} {[%emt 00:00:18]} Qxe4+ {[%clk 00:07:31]} {[%emt
00:00:09]} 30. Ne3 {[%clk 00:01:30]} {[%emt 00:00:15]} Bxe3 {[%clk 00:03:52]}
{[%emt 00:04:09]} 31. Rxe3 {[%clk 00:01:49]} {[%emt 00:00:12]} Qxd5 {[%clk
00:02:27]} {[%emt 00:01:55]} 32. Bh3 {[%clk 00:01:38]} {[%emt 00:00:40]} Qxh1
{[%clk 00:02:24]} {[%emt 00:00:32]} 33. Bxd7 {[%emt 00:00:30]} Rg2+ {[%clk
00:02:30]} {[%emt 00:00:22]} 34. Kd3 {[%clk 00:01:26]} {[%emt 00:00:44]} Qb1+
{[%clk 00:02:29]} {[%emt 00:00:31]} 35. Kc3 {[%clk 00:01:46]} {[%emt 00:00:11]}
Qxb2+ {[%clk 00:02:53]} {[%emt 00:00:06]} 0-1

[Event "DVM U20 2021"]
[Site "Kiel GER"]
[Date "2022.07.23"]
[Round "1"]
[White "Kotyk, Michael"]
[Black "Wachtel, Arthur"]
[Result "1-0"]
[Termination "normal"]
[Board "1.4"]
[WhiteElo "2112"]
[BlackElo "1946"]
[WhiteClock "00:23:39"]
[BlackClock "00:17:59"]
[WhiteTeam "Hamburger SK von 1830 eV"]
[BlackTeam "Schachfreunde Augsburg"]
[PlyCount "47"]
[WhiteFideId "16214501"]
[BlackFideId "12988510"]
[EventCountry "GER"]
[EventRounds "7"]
[EventType "team-swiss"]
[EventDate "2022.07.22"]

1. d4 {[%clk 01:30:55]} {[%emt 00:00:02]} Nf6 {[%clk 01:31:20]} 2. c4 {[%clk
01:31:23]} g6 {[%clk 01:31:41]} 3. g3 {[%clk 01:31:47]} Bg7 {[%clk 01:32:06]}
4. Bg2 {[%clk 01:32:11]} O-O {[%clk 01:32:30]} 5. Nc3 {[%clk 01:32:35]} d6
{[%clk 01:32:08]} 6. Nf3 {[%clk 01:32:56]} Nbd7 {[%clk 01:32:14]} 7. O-O {[%clk
01:33:00]} c6 {[%clk 01:32:30]} 8. e4 {[%clk 01:33:19]} e5 {[%clk 01:32:48]} 9.
h3 {[%clk 01:33:25]} Qb6 {[%clk 01:21:58]} 10. d5 {[%clk 01:23:38]} Nc5 {[%clk
01:08:57]} 11. Qe2 {[%clk 01:15:59]} a5 {[%clk 01:05:51]} 12. Kh2 {[%clk
01:13:00]} Qc7 {[%clk 00:58:29]} 13. Ne1 {[%clk 01:00:05]} Re8 {[%clk
00:50:56]} 14. Rb1 {[%clk 00:54:23]} h6 {[%clk 00:47:11]} 15. b3 {[%clk
00:52:25]} Kh7 {[%clk 00:42:19]} 16. Be3 {[%clk 00:39:43]} cxd5 {[%clk
00:41:47]} 17. cxd5 {[%clk 00:39:11]} b6 {[%clk 00:26:10]} 18. Qd2 Ba6 {[%emt
02:15:00]} 19. Rg1 {[%clk 00:37:47]} {[%emt 00:00:02]} Rac8 {[%clk 00:24:15]}
{[%emt 00:03:33]} 20. a3 {[%clk 00:27:18]} Red8 {[%clk 00:22:15]} 21. b4 {[%clk
00:26:44]} Ncd7 {[%clk 00:18:25]} 22. Rc1 {[%clk 00:23:39]} Qb7 {[%clk
00:17:51]} 23. b5 {[%clk 00:23:39]} Rxc3 {[%clk 00:17:59]} 24. bxa6 1-0

[Event "DVM U20 2021"]
[Site "Kiel GER"]
[Date "2022.07.23"]
[Round "1"]
[White "Vuckovic, Robert"]
[Black "Klaas, Heiko"]
[Result "1/2-1/2"]
[Termination "normal"]
[Board "1.5"]
[WhiteElo "1845"]
[BlackElo "1986"]
[WhiteClock "00:09:53"]
[BlackClock "00:10:14"]
[WhiteTeam "Schachfreunde Augsburg"]
[BlackTeam "Hamburger SK von 1830 eV"]
[PlyCount "130"]
[WhiteFideId "12998680"]
[BlackFideId "16215940"]
[EventCountry "GER"]
[EventRounds "7"]
[EventType "team-swiss"]
[EventDate "2022.07.22"]

1. e4 {[%clk 01:30:55]} {[%emt 00:00:04]} e5 {[%clk 01:30:53]} {[%emt
00:00:09]} 2. Nf3 {[%clk 01:31:10]} {[%emt 00:00:14]} Nc6 {[%clk 01:31:18]}
{[%emt 00:00:05]} 3. d4 {[%clk 01:31:34]} {[%emt 00:00:06]} exd4 {[%clk
01:31:28]} {[%emt 00:00:20]} 4. Bc4 {[%clk 01:31:53]} {[%emt 00:00:10]} Bc5
{[%clk 01:28:01]} {[%emt 00:03:58]} 5. c3 {[%clk 01:32:08]} {[%emt 00:00:14]}
Nf6 {[%clk 01:28:22]} {[%emt 00:00:10]} 6. e5 {[%clk 01:30:19]} {[%emt
00:02:19]} d5 {[%clk 01:28:45]} {[%emt 00:00:08]} 7. Be2 {[%clk 01:30:40]}
{[%emt 00:00:08]} Ne4 {[%clk 01:26:53]} {[%emt 00:02:22]} 8. cxd4 {[%clk
01:29:03]} {[%emt 00:02:07]} Bb6 {[%clk 01:26:34]} {[%emt 00:00:50]} 9. h3
{[%clk 01:23:29]} {[%emt 00:06:03]} O-O {[%clk 01:18:41]} {[%emt 00:08:23]} 10.
O-O {[%clk 01:18:49]} {[%emt 00:05:09]} f6 {[%clk 01:13:11]} {[%emt 00:06:02]}
11. Nc3 {[%clk 01:12:40]} {[%emt 00:06:38]} fxe5 {[%clk 01:06:49]} {[%emt
00:06:53]} 12. Nxe4 {[%clk 01:12:46]} {[%emt 00:00:23]} dxe4 {[%clk 01:05:52]}
{[%emt 00:01:28]} 13. Bc4+ {[%clk 01:03:26]} {[%emt 00:09:49]} Kh8 {[%clk
01:04:54]} {[%emt 00:01:28]} 14. Ng5 {[%clk 01:03:48]} {[%emt 00:00:08]} Qe8
{[%clk 01:02:44]} {[%emt 00:02:41]} 15. dxe5 {[%clk 00:59:35]} {[%emt
00:04:43]} h6 {[%clk 00:52:13]} {[%emt 00:11:01]} 16. Nxe4 {[%clk 00:57:26]}
{[%emt 00:02:39]} Qxe5 {[%clk 00:51:54]} {[%emt 00:00:48]} 17. Qd5 {[%clk
00:53:14]} {[%emt 00:04:42]} Bf5 {[%clk 00:49:14]} {[%emt 00:03:11]} 18. Nc3
{[%clk 00:49:57]} {[%emt 00:03:46]} Rad8 {[%clk 00:40:25]} {[%emt 00:09:19]}
19. Qxe5 {[%clk 00:44:47]} {[%emt 00:05:40]} Nxe5 {[%clk 00:39:09]} {[%emt
00:01:46]} 20. Be2 {[%clk 00:41:48]} {[%emt 00:03:29]} Nd3 {[%clk 00:38:54]}
{[%emt 00:00:45]} 21. Bf3 {[%clk 00:37:43]} {[%emt 00:04:35]} Bxh3 {[%clk
00:35:11]} {[%emt 00:04:14]} 22. Bxb7 {[%clk 00:35:16]} {[%emt 00:02:56]} Bxf2+
{[%clk 00:33:20]} {[%emt 00:02:21]} 23. Rxf2 {[%clk 00:34:50]} {[%emt
00:00:56]} Rxf2 {[%clk 00:27:00]} {[%emt 00:06:50]} 24. gxh3 {[%clk 00:35:01]}
{[%emt 00:00:18]} Rc2 {[%clk 00:25:12]} {[%emt 00:02:19]} 25. Be3 {[%clk
00:33:53]} {[%emt 00:01:37]} Nxb2 {[%clk 00:21:10]} {[%emt 00:04:33]} 26. Ne4
{[%clk 00:33:51]} {[%emt 00:00:33]} Rb8 {[%clk 00:20:35]} {[%emt 00:01:04]} 27.
Bd5 {[%clk 00:31:51]} {[%emt 00:02:29]} c6 {[%clk 00:20:06]} {[%emt 00:00:59]}
28. Bb3 {[%clk 00:29:57]} {[%emt 00:02:24]} Re2 {[%clk 00:16:05]} {[%emt
00:04:32]} 29. Bd4 {[%clk 00:29:53]} {[%emt 00:00:35]} Rxe4 {[%clk 00:14:31]}
{[%emt 00:02:03]} 30. Bxb2 {[%clk 00:30:15]} {[%emt 00:00:07]} c5 {[%clk
00:14:34]} {[%emt 00:00:27]} 31. Rc1 {[%clk 00:20:29]} {[%emt 00:10:16]} c4
{[%clk 00:10:55]} {[%emt 00:04:10]} 32. Bc2 {[%clk 00:20:55]} {[%emt 00:00:04]}
Re2 {[%clk 00:10:20]} {[%emt 00:01:06]} 33. Bd4 {[%clk 00:19:35]} {[%emt
00:01:49]} Rd8 {[%clk 00:06:41]} {[%emt 00:04:09]} 34. Bxa7 {[%clk 00:16:53]}
{[%emt 00:03:12]} Ra8 {[%clk 00:05:04]} {[%emt 00:02:08]} 35. Bd4 {[%clk
00:15:33]} {[%emt 00:01:48]} Rxa2 {[%clk 00:04:59]} {[%emt 00:00:37]} 36. Bf5
{[%clk 00:15:46]} {[%emt 00:00:16]} c3 {[%clk 00:03:11]} {[%emt 00:02:19]} 37.
Bb1 {[%clk 00:09:25]} {[%emt 00:06:50]} Rg2+ {[%clk 00:03:05]} {[%emt
00:00:36]} 38. Kf1 {[%clk 00:09:43]} {[%emt 00:00:12]} Rad2 {[%clk 00:01:21]}
{[%emt 00:02:14]} 39. Rxc3 {[%clk 00:09:38]} {[%emt 00:00:34]} Kg8 {[%clk
00:01:13]} {[%emt 00:00:38]} 40. Be3 {[%clk 00:05:44]} {[%emt 00:04:24]} Rb2
{[%clk 00:01:24]} {[%emt 00:00:20]} 41. Be4 {[%clk 00:05:48]} {[%emt 00:00:25]}
Rg3 {[%clk 00:29:05]} {[%emt 00:02:49]} 42. Bd5+ {[%clk 00:31:55]} {[%emt
00:04:23]} Kh7 {[%clk 00:29:20]} {[%emt 00:00:15]} 43. Be4+ {[%clk 00:31:50]}
{[%emt 00:00:35]} Kg8 {[%clk 00:29:49]} {[%emt 00:00:02]} 44. h4 {[%clk
00:18:10]} {[%emt 00:14:10]} Rg4 {[%clk 00:28:02]} {[%emt 00:02:17]} 45. Rc4
{[%clk 00:18:02]} {[%emt 00:00:38]} h5 {[%clk 00:26:02]} {[%emt 00:02:30]} 46.
Bg5 {[%clk 00:15:33]} {[%emt 00:02:59]} Rb8 {[%clk 00:22:06]} {[%emt 00:04:26]}
47. Bd5+ {[%clk 00:11:48]} {[%emt 00:04:15]} Kh8 {[%clk 00:20:06]} {[%emt
00:02:30]} 48. Rxg4 {[%clk 00:11:05]} {[%emt 00:01:13]} hxg4 {[%clk 00:20:22]}
{[%emt 00:00:13]} 49. Kf2 {[%clk 00:11:29]} {[%emt 00:00:06]} Rb4 {[%clk
00:18:42]} {[%emt 00:02:12]} 50. Be6 {[%clk 00:11:36]} {[%emt 00:00:22]} Rb5
{[%clk 00:15:21]} {[%emt 00:03:51]} 51. Kg3 {[%clk 00:09:55]} {[%emt 00:02:11]}
Kh7 {[%clk 00:15:19]} {[%emt 00:00:32]} 52. Kxg4 {[%clk 00:09:52]} {[%emt
00:00:33]} Rb4+ {[%clk 00:14:31]} {[%emt 00:01:18]} 53. Kf5 {[%clk 00:09:53]}
{[%emt 00:00:29]} Rb5+ {[%clk 00:14:54]} {[%emt 00:00:07]} 54. Kg4 {[%clk
00:10:22]} Rb4+ {[%clk 00:15:18]} {[%emt 00:00:07]} 55. Bf4 {[%clk 00:10:46]}
{[%emt 00:00:06]} Kg6 {[%clk 00:15:35]} {[%emt 00:00:13]} 56. Bf5+ {[%clk
00:10:06]} {[%emt 00:01:09]} Kf6 {[%clk 00:15:56]} {[%emt 00:00:09]} 57. h5
{[%clk 00:10:22]} {[%emt 00:00:14]} Ra4 {[%clk 00:14:51]} {[%emt 00:01:36]} 58.
Bg6 {[%clk 00:10:38]} {[%emt 00:00:14]} Rb4 {[%clk 00:14:16]} {[%emt 00:01:05]}
59. Kf3 {[%clk 00:10:45]} {[%emt 00:00:22]} Rb3+ {[%clk 00:13:24]} {[%emt
00:01:23]} 60. Ke2 {[%clk 00:10:47]} {[%emt 00:00:27]} Ra3 {[%clk 00:12:20]}
{[%emt 00:01:35]} 61. Bc1 {[%clk 00:10:45]} {[%emt 00:00:31]} Rh3 {[%clk
00:11:27]} {[%emt 00:01:24]} 62. Be3 {[%clk 00:10:24]} {[%emt 00:00:51]} Ke5
{[%clk 00:09:55]} {[%emt 00:02:02]} 63. Bc1 {[%clk 00:10:06]} {[%emt 00:00:47]}
Kf6 {[%clk 00:10:14]} {[%emt 00:00:11]} 64. Kf2 {[%clk 00:09:54]} {[%emt
00:00:41]} Rh1 {[%clk 00:10:14]} {[%emt 00:00:31]} 65. Bb2+ {[%clk 00:09:53]}
{[%emt 00:00:31]} Ke5 {[%emt 00:00:18]} 1/2-1/2

[Event "DVM U20 2021"]
[Site "Kiel GER"]
[Date "2022.07.23"]
[Round "1"]
[White "Fuhrmann, Åke"]
[Black "Steinberger, Michael"]
[Result "1/2-1/2"]
[Termination "normal"]
[Board "1.6"]
[WhiteElo "1942"]
[BlackElo "1526"]
[WhiteClock "00:02:45"]
[BlackClock "00:09:37"]
[WhiteTeam "Hamburger SK von 1830 eV"]
[BlackTeam "Schachfreunde Augsburg"]
[PlyCount "55"]
[WhiteFideId "12983853"]
[BlackFideId "34622373"]
[EventCountry "GER"]
[EventRounds "7"]
[EventType "team-swiss"]
[EventDate "2022.07.22"]

1. c4 {[%clk 01:30:54]} {[%emt 00:00:02]} e5 {[%clk 01:31:22]} 2. g3 {[%clk
01:31:14]} Nc6 {[%clk 01:31:45]} 3. Bg2 {[%clk 01:31:39]} d6 {[%clk 01:31:57]}
4. Nc3 {[%clk 01:31:08]} g6 {[%clk 01:31:29]} 5. d3 {[%clk 01:31:07]} Bg7
{[%clk 01:31:14]} 6. e4 {[%clk 01:26:56]} Be6 {[%clk 01:29:41]} 7. Be3 {[%clk
01:25:58]} Qd7 {[%clk 01:29:21]} 8. Nd5 {[%clk 01:18:29]} f5 {[%clk 01:25:35]}
9. exf5 {[%clk 01:17:09]} Bxf5 {[%clk 01:16:59]} 10. Ne2 {[%clk 01:11:09]} Nge7
{[%clk 01:13:02]} 11. Nxe7 {[%clk 01:06:08]} Qxe7 {[%clk 01:10:31]} 12. O-O
{[%clk 00:58:45]} O-O {[%clk 01:06:52]} 13. Qd2 {[%clk 00:52:42]} a6 {[%clk
01:02:38]} 14. h3 {[%clk 00:45:13]} Rab8 {[%clk 00:50:22]} 15. Rae1 {[%clk
00:40:10]} Qd7 {[%clk 00:50:14]} 16. Kh2 {[%clk 00:34:00]} Be6 {[%clk
00:33:02]} 17. Nc3 {[%clk 00:24:10]} Ne7 {[%clk 00:24:26]} 18. Ne4 {[%clk
00:14:42]} c6 {[%clk 00:21:15]} 19. f4 {[%clk 00:10:21]} Nf5 {[%clk 00:19:41]}
20. Ng5 {[%clk 00:09:52]} Nxe3 {[%clk 00:19:02]} 21. Qxe3 {[%clk 00:07:06]}
Rbe8 {[%clk 00:17:37]} 22. fxe5 {[%clk 00:07:06]} Rxf1 {[%clk 00:16:12]} 23.
Bxf1 {[%clk 00:07:17]} dxe5 {[%clk 00:14:16]} 24. Nxe6 {[%clk 00:07:24]} Qxe6
{[%clk 00:12:03]} 25. Bg2 {[%clk 00:03:49]} Qf7 {[%clk 00:11:28]} 26. b3 {[%clk
00:02:52]} Rd8 {[%clk 00:11:16]} 27. Rf1 {[%clk 00:02:45]} Qd7 {[%clk
00:09:37]} 28. Be4 1/2-1/2